000 01123camaa2200361Mi 4500
001 93473
005 20230410132922.0
008 920725s19779999sp 000 0 spa d
035 _a(OCoLC)ocn432477728
040 _aBNM
_bspa
_cBNM
_dU6C
016 7 _abimoBNE19993557842
_2SpMaBN
017 _aM 15779-1980
019 _a503244766
020 _a8424935462
020 _a9788424935467
035 _a(OCoLC)432477728
_z(OCoLC)503244766
041 1 _aspa
_hgrc
050 1 4 _aB 171
_bB582 1977
049 _aGRAL
130 1 _aBiblioteca clásica Gredos.
245 1 0 _aLírica griega arcaica :
_b(poemas corales y monódicos, 700-300 a.C.) /
_cintroducciones, traducción y notas por Francisco Rodríguez Adrados.
260 _aMadrid :
_bGredos,
_cimp. 1977
300 _a491 p.
_c20 cm.
440 0 _aBiblioteca Clásica Gredos ;
_vn.31
504 _aBibliografía.
650 0 _aPhilosophy, Classical.
650 0 _aPhilosophy, Ancient.
650 0 _aPhilosophers, Ancient
_xBiography
700 1 _aRodríguez Adrados, Francisco
_d1922-
942 _2lcc
_cbk
946 _amjcruz
994 _aC0
_bDRFGD
999 _c90194
_d90194